| 000 | 00998cam a22002771 4500 | ||
|---|---|---|---|
| 001 | 473 | ||
| 003 | BD-RjUL | ||
| 005 | 20211208233203.0 | ||
| 008 | 131118s1949 xx 000 0 eng | ||
| 035 | _a(BD-RjUL) | ||
| 035 | _aBD-RjUL 490 | ||
| 040 |
_aDLC _cOYU _dOCoLC _dDLC _beng |
||
| 041 | _aeng | ||
| 082 | 0 | 0 |
_a727.824 _221 _bPLA 1949 |
| 110 | 2 |
_aCooperative Committee on Library Building Plans. _9116046 |
|
| 245 | 0 | 0 |
_aPlanning the university library building : _ba summary of discussions by librarians, architects, and engineers / _ced. by John E. Burchard [and others] |
| 260 |
_aPrinceton : _bPrinceton Univ. Press, _c1949. |
||
| 300 |
_axvii, 145 p. : _bplans ; _c23 cm. |
||
| 504 | _a"Library planning: a bibliographical essay": p. 128-141. Bibliographical footnotes. | ||
| 650 | 0 |
_aLibrary architecture _91450 |
|
| 650 | 0 |
_aLibrary building _91466 |
|
| 700 | 1 |
_aBurchard, John E. _q(John Ely), _d1898- _eed. _91467 |
|
| 942 |
_2ddc _cBK |
||
| 999 |
_c473 _d473 |
||